01812nam a2200181 a 450000100100000000500170001000800410002704000250006808200150009324501980010826000610030630000360036750400280040350000740043150510770050570000190158270000290160100004563520201002052346.0150420s2009 bl ab 000 0 spa d aDO-SdBNPbspacBNPHU axxxxbxxxx00aApoio internacional ao desenvolvimiento local :bexperiências sociais com juventudes no Nordeste /cLeilah Landim, Maria Coralina Trevisan (organizadoras) ; Andrés A. Thompson ... [et al.]. aSáo Paulo, Brasil :bFundação Peirópolis,c2009. a248 p. :bil., mapas, ;c24 cm. aBibliografía : p. 203 aIncluye referencias bibliográficas y notas al pie de las páginas.0 tReflexões sobre o papel dos financiadores no desenvolvimento social /rAndrés A. Thompson --tO desenvolvimento do Nordeste brasileiro e os Conjuntos Integrados de Projetos (CIPs) /rRui Mesquita Cordeiro --tJovens na linha de frente Por Rui Mesquita Cordeiro /rRui Mesquita Cordeiro --tDesenvolvimento local: Concepção teórica e experiência dos Conjuntos Integrados de Projetos (CIPs) /rArturo Jordán --tAs possibilidades educacionais nos Conjuntos Integrados de Projetos (CIPs) /rRuy Berger Filho --tAlianças estratégicas em processos de desenvolvimento local /rAntônio Nascimento --tApoiando e aprendendo: o papel dos agentes externos no processo de desenvolvimento local /rRoseni Sena e Lis Hirano Wittkamper --tEstratégias de desenvolvimento local e políticas públicas /rBeatriz Azeredo --tAnexo I: Referências da Fundação W. K. KelloggtAnexo II: O Nordeste dos CIPs --tAnexo III: Investimentos na iniciativa de Conjuntos Integrados de Projetos no Nordeste do Brasil (1999-2010) --tAnexo IV: Índice de abreviaturas --12aLandim, Leilah12aTrevisan, Maria Carolina